[Event "V. Solinger Karnevals-Open"]
[Site "Solingen"]
[Date "2014.03.02"]
[Round "4.22"]
[White "Kaplun, David"]
[Black "Roth, Jan Paul"]
[Result "1-0"]
[WhiteElo "1796"]
[BlackElo "1432"]
[PlyCount "59"]
[EventDate "2014.??.??"]
[WhiteTeam "Düsseldorfer SK 14/25 e."]
[BlackTeam "OSC Rheinhausen 04 e.V."]

1. d4 Nf6 2. c4 b6 3. Nf3 Bb7 4. g3 e6 5. Bg2 Be7 6. O-O Na6 7. a3 c5 8. dxc5
Nxc5 9. b4 Na6 10. Bb2 O-O 11. Nc3 Rc8 12. Qb3 d6 13. Nb5 d5 14. Rac1 dxc4 15.
Rxc4 Rxc4 16. Qxc4 Bd5 17. Qc3 Qa8 18. Rc1 Ne8 19. Qc8 Qxc8 20. Rxc8 Nd6 21.
Rxf8+ Kxf8 22. Nxa7 Nc4 23. Bc1 Bf6 24. Nd2 Nxd2 25. Bxd5 exd5 26. Bxd2 Bb2 27.
Nb5 Nb8 28. Bf4 Nd7 29. Bd6+ Kg8 30. a4 1-0

[Event "V. Solinger Karnevals-Open"]
[Site "Solingen"]
[Date "2014.03.02"]
[Round "4.23"]
[White "Bussard, Achim"]
[Black "Heyn, Peter"]
[Result "1-0"]
[WhiteElo "1792"]
[BlackElo "1886"]
[PlyCount "67"]
[EventDate "2014.??.??"]
[WhiteTeam "SG Niederkassel"]
[BlackTeam "Düsseldorfer SV 1854"]

1. c4 c5 2. Nc3 g6 3. Nf3 Nc6 4. g3 Bg7 5. Bg2 e6 6. O-O Nge7 7. d3 O-O 8. Bf4
d6 9. Rb1 a6 10. Qc1 Re8 11. Ne4 Nf5 12. g4 e5 13. Bd2 Nfd4 14. Nxd4 Nxd4 15.
Qe1 Bxg4 16. f3 Be6 17. e3 Nc6 18. f4 f5 19. Ng5 Bf7 20. Nxf7 Kxf7 21. Bd5+ Kf8
22. e4 Nd4 23. fxe5 dxe5 24. exf5 gxf5 25. Be3 Qf6 26. Qf2 f4 27. Bxd4 cxd4 28.
Bxb7 Ra7 29. Be4 h6 30. b4 Rb8 31. a4 Qe7 32. Qd2 Kf7 33. Rxf4+ Bf6 34. Rxf6+
1-0

[Event "V. Solinger Karnevals-Open"]
[Site "Solingen"]
[Date "2014.03.02"]
[Round "4.24"]
[White "Breuer, Leon"]
[Black "Tunka, Josef"]
[Result "0-1"]
[WhiteElo "1485"]
[BlackElo "1852"]
[PlyCount "66"]
[EventDate "2014.??.??"]
[WhiteTeam "SK Xanten e.V."]
[BlackTeam "SV Lingen"]

1. e4 e5 2. f4 Bc5 3. Nf3 d6 4. fxe5 dxe5 5. Nc3 Bg4 6. Be2 Bxf3 7. Bxf3 Nf6 8.
d3 Nc6 9. Bg5 h6 10. Bxf6 Qxf6 11. Nd5 Qd8 12. Rf1 O-O 13. Bh5 f5 14. Qf3 Nd4
15. Qf2 Nxc2+ 16. Qxc2 Bd4 17. Bf3 c6 18. Nc3 Qg5 19. exf5 Rxf5 20. Ne4 Qg6 21.
O-O-O Rff8 22. Qb3+ Kh8 23. Qb4 c5 24. Qxb7 Rab8 25. Bh5 Qxh5 26. Rxf8+ Rxf8
27. Qxa7 c4 28. Qe7 Rb8 29. dxc4 Qe2 30. Nd2 Bxb2+ 31. Kc2 Bd4 32. Kc1 Qd3 33.
Nb3 Qc3+ 0-1

[Event "V. Solinger Karnevals-Open"]
[Site "Solingen"]
[Date "2014.03.02"]
[Round "4.25"]
[White "Schaum, Moritz"]
[Black "Runte, Dirk"]
[Result "1-0"]
[WhiteElo "1999"]
[BlackElo "1776"]
[PlyCount "109"]
[EventDate "2014.??.??"]
[WhiteTeam "SF Erkelenz 1959 e.V."]
[BlackTeam "SV Fideler Bauer Lever"]

1. d4 d5 2. c4 c6 3. Nf3 Nf6 4. Nc3 e6 5. Bg5 Be7 6. e3 Nbd7 7. Qc2 dxc4 8.
Bxc4 Nb6 9. Bd3 h6 10. Bh4 Nfd5 11. Bxe7 Qxe7 12. a3 O-O 13. Ne2 Nd7 14. e4
N5b6 15. O-O e5 16. dxe5 Nxe5 17. Nxe5 Qxe5 18. f4 Qc7 19. Nc3 Qe7 20. Rae1 Nd7
21. Qe2 Nc5 22. Bb1 Bd7 23. e5 f5 24. Rd1 Rae8 25. Qf2 b6 26. Qf3 Kh8 27. Rd6
Nb7 28. Rd2 Rc8 29. Rfd1 Qc5+ 30. Kh1 Be6 31. b4 Qe7 32. Ne2 Bd5 33. Qh3 Qf7
34. Nd4 Be4 35. Bxe4 fxe4 36. Ne6 e3 37. Re2 Rfe8 38. f5 Nd8 39. Nf4 Qb3 40.
Ra1 Qc3 41. Ree1 Nf7 42. Qxe3 Qc2 43. Qe4 Qa4 44. Ng6+ Kg8 45. e6 Ng5 46. Qc4
c5 47. h4 Nh3 48. e7+ Kh7 49. gxh3 cxb4 50. Qe4 Qb3 51. Nf4 Rc4 52. Qg2 Rcc8
53. f6 Qf7 54. Qe4+ g6 55. Qe6 1-0

[Event "V. Solinger Karnevals-Open"]
[Site "Solingen"]
[Date "2014.03.02"]
[Round "4.26"]
[White "Günaydin, Alperen"]
[Black "Ehringfeld, Michael"]
[Result "1-0"]
[WhiteElo "1708"]
[BlackElo "1364"]
[PlyCount "63"]
[EventDate "2014.??.??"]
[WhiteTeam "OSC Rheinhausen 04 e.V."]
[BlackTeam "SG Solingen e.V."]

1. d4 d5 2. c4 c6 3. Nc3 e5 4. dxe5 d4 5. Ne4 Qa5+ 6. Bd2 Qxe5 7. Ng3 d3 8. Bc3
Qf4 9. exd3 Bg4 10. Be2 Be6 11. Nf3 a5 12. O-O Bb4 13. Bxg7 Nh6 14. Bxh8 Bg4
15. h3 Nf5 16. Be5 Qh6 17. hxg4 Nxg3 18. Bxg3 Nd7 19. a3 Be7 20. Rc1 O-O-O 21.
b4 Rg8 22. Nd4 Bf6 23. Nf5 Qg6 24. Nd6+ Kd8 25. Nxb7+ Kc8 26. Nd6+ Kd8 27. Qa4
Be5 28. Qxa5+ Ke7 29. Nf5+ Kf6 30. Bh4+ Ke6 31. Bf3 f6 32. Qd5+ 1-0

[Event "V. Solinger Karnevals-Open"]
[Site "Solingen"]
[Date "2014.03.02"]
[Round "4.27"]
[White "Lukoviczki, Matyas"]
[Black "Lückerath, Moritz"]
[Result "0-1"]
[WhiteElo "1678"]
[BlackElo "1700"]
[PlyCount "56"]
[EventDate "2014.??.??"]
[WhiteTeam "Sportgemeinschaft Kaarst 1912/35"]
[BlackTeam "Düsseldorfer SK 14/25 e."]

1. e4 c5 2. Bc4 a6 3. a3 b5 4. Ba2 Bb7 5. d3 e6 6. f4 d5 7. e5 g6 8. Nf3 h5 9.
Nc3 Nh6 10. O-O Nf5 11. Ng5 Bh6 12. b4 Qb6 13. Ne2 cxb4+ 14. d4 Nc6 15. Nf3
bxa3 16. Bxa3 b4 17. Bb2 Ne3 18. Qd3 Nxf1 19. Rxf1 O-O 20. Nh4 Ne7 21. Ng3 Bg7
22. Bb1 a5 23. Qf3 Nf5 24. Ngxf5 exf5 25. h3 a4 26. g4 a3 27. gxf5 axb2 28. f6
Bh6 0-1

[Event "V. Solinger Karnevals-Open"]
[Site "Solingen"]
[Date "2014.03.02"]
[Round "4.29"]
[White "Botvinnik, Alexander"]
[Black "Rist, Kurt"]
[Result "1-0"]
[WhiteElo "1579"]
[BlackElo "1680"]
[PlyCount "89"]
[EventDate "2014.??.??"]
[WhiteTeam "Düsseldorfer SK 14/25 e."]
[BlackTeam "SG Solingen e.V."]

1. e4 e5 2. Nf3 Nc6 3. Bc4 Nf6 4. Nc3 Be7 5. O-O O-O 6. Re1 d6 7. d4 Bg4 8.
dxe5 Nxe5 9. Be2 Nxf3+ 10. Bxf3 Bxf3 11. Qxf3 Nd7 12. Bf4 f5 13. Nd5 fxe4 14.
Qxe4 Bf6 15. Rab1 Be5 16. Qc4 Kh8 17. Bxe5 Nxe5 18. Qd4 Qg5 19. Qe3 Nf3+ 20.
Kh1 Qxd5 21. gxf3 Qxa2 22. Rg1 Rae8 23. Qd3 Qf7 24. Rg3 Re5 25. Rbg1 Rg8 26. h3
Qd7 27. Kh2 d5 28. Qd4 Re7 29. Qxa7 b6 30. Qa6 Qd6 31. Qd3 c5 32. Qd2 h6 33.
Kh1 d4 34. Rg6 Re6 35. R6g4 h5 36. Rg5 Rh6 37. Qd3 h4 38. Qc4 Qd7 39. Kh2 Qd6+
40. Kh1 Qf6 41. Qd5 Kh7 42. Rh5 g6 43. Rxh6+ Kxh6 44. Qxg8 Qxf3+ 45. Rg2 1-0

[Event "V. Solinger Karnevals-Open"]
[Site "Solingen"]
[Date "2014.03.02"]
[Round "4.30"]
[White "Müller, Adrian"]
[Black "Vishanji, Franz"]
[Result "1-0"]
[WhiteElo "1453"]
[BlackElo "1616"]
[PlyCount "65"]
[EventDate "2014.??.??"]
[WhiteTeam "SV Fideler Bauer Lever"]
[BlackTeam "SV Turm Drolshagen 04"]

1. e4 e6 2. d4 d5 3. Nc3 Bb4 4. e5 c5 5. a3 Bxc3+ 6. bxc3 Qc7 7. Nf3 Ne7 8. Bd3
Nbc6 9. O-O Bd7 10. Rb1 Rc8 11. Bg5 a6 12. a4 h6 13. Bc1 Na5 14. Ra1 Nec6 15.
Ba3 cxd4 16. cxd4 Nd8 17. Bc5 Nc4 18. Bxc4 dxc4 19. a5 Bb5 20. c3 Nc6 21. Bb6
Qd7 22. Nd2 Ne7 23. Ne4 O-O 24. Bc5 Rfd8 25. f4 Nf5 26. Qf3 Bc6 27. Rae1 Bd5
28. g4 Ne7 29. f5 Nc6 30. Bb6 Re8 31. f6 g6 32. Qf4 Kh7 33. Nc5 1-0

[Event "V. Solinger Karnevals-Open"]
[Site "Solingen"]
[Date "2014.03.02"]
[Round "4.31"]
[White "Kunisch, Nina"]
[Black "Lehmann, Tornalf"]
[Result "1/2-1/2"]
[WhiteElo "1121"]
[BlackElo "1645"]
[PlyCount "40"]
[EventDate "2014.??.??"]
[WhiteTeam "TV-Großostheim 1900 e.V."]
[BlackTeam "SC Heilsbronn 1951 e.V."]

1. e4 Nf6 2. Nc3 e5 3. Nf3 Nc6 4. Bb5 Nd4 5. d3 c6 6. Bc4 b5 7. Bb3 Nxb3 8.
cxb3 d6 9. a3 a5 10. O-O Be7 11. d4 Bg4 12. dxe5 Bxf3 13. Qxf3 dxe5 14. Qg3 g6
15. Qxe5 O-O 16. Rd1 Nd7 17. Qd4 Nf6 18. Qe5 Nd7 19. Qd4 Nf6 20. Qe5 Nd7
1/2-1/2

[Event "V. Solinger Karnevals-Open"]
[Site "Solingen"]
[Date "2014.03.02"]
[Round "4.32"]
[White "Luig, Benjamin"]
[Black "Barche, Uwe"]
[Result "1-0"]
[WhiteElo "1877"]
[BlackElo "1168"]
[PlyCount "83"]
[EventDate "2014.??.??"]
[WhiteTeam "Post-Telekom SV 1925 Aachen e.V."]
[BlackTeam "SG Solingen e.V."]

1. d4 e6 2. c4 d5 3. Nf3 Nf6 4. g3 dxc4 5. Bg2 Nc6 6. Qa4 Bd7 7. Qxc4 Be7 8.
O-O O-O 9. Nc3 Na5 10. Qd3 Rb8 11. a3 b6 12. Bf4 Rc8 13. b4 Nc6 14. Rfd1 Nb8
15. Nb5 Bxb5 16. Qxb5 Nd5 17. Rac1 Nxf4 18. gxf4 Qe8 19. Qc4 c5 20. bxc5 bxc5
21. d5 exd5 22. Rxd5 Nd7 23. Qa6 Nf6 24. Rd3 Rc7 25. Ne5 Qc8 26. Qc4 Qf5 27.
Nc6 Qh5 28. Qa4 Qxe2 29. Re3 Qd2 30. Rd1 Qb2 31. Nxe7+ Rxe7 32. Rxe7 Ng4 33.
Rf1 g6 34. Rc7 Qe2 35. Rxc5 Rb8 36. Qc2 Qe7 37. Rc8+ Rxc8 38. Qxc8+ Kg7 39.
Qxg4 h5 40. Qg3 f6 41. Rb1 Kh6 42. Rb7 1-0

[Event "V. Solinger Karnevals-Open"]
[Site "Solingen"]
[Date "2014.03.02"]
[Round "4.33"]
[White "Fodor, Bernhard"]
[Black "Barche, Robert"]
[Result "1-0"]
[WhiteElo "1363"]
[BlackElo "1370"]
[PlyCount "43"]
[EventDate "2014.??.??"]
[WhiteTeam "SG Solingen e.V."]
[BlackTeam "SG Solingen e.V."]

1. f4 e6 2. Nf3 d5 3. g3 c5 4. Bg2 Nc6 5. c3 Nf6 6. d3 Qb6 7. O-O Bd6 8. Nbd2
O-O 9. Ne5 Nxe5 10. fxe5 Bxe5 11. Nf3 Bd6 12. e3 c4 13. Nd4 e5 14. Rxf6 gxf6
15. Nc2 Qc6 16. Nb4 Bxb4 17. cxb4 Bf5 18. e4 dxe4 19. dxe4 Bxe4 20. Qg4+ Kh8
21. Bxe4 Qe6 22. Qh5 1-0

[Event "V. Solinger Karnevals-Open"]
[Site "Solingen"]
[Date "2014.03.02"]
[Round "4.34"]
[White "Cornelißen, Jonas"]
[Black "Breuer, Cindy"]
[Result "0-1"]
[WhiteElo "1008"]
[BlackElo "1540"]
[PlyCount "68"]
[EventDate "2014.??.??"]
[WhiteTeam "SK Xanten e.V."]
[BlackTeam "SK Xanten e.V."]

1. e4 c6 2. d4 d5 3. Nc3 dxe4 4. Nxe4 Bf5 5. Ng3 Bg6 6. Nf3 e6 7. Bd3 Ne7 8.
O-O Nd7 9. Bg5 Bxd3 10. Qxd3 Qb6 11. b3 Nd5 12. c4 Nb4 13. Qc3 c5 14. dxc5 Bxc5
15. Rfe1 Bxf2+ 16. Kh1 Bxe1 17. Rxe1 f6 18. Be3 Nxa2 19. Qd2 Qc6 20. Qxa2 b6
21. Nd4 Qd6 22. Nxe6 Ne5 23. c5 Qxe6 24. cxb6 O-O 25. bxa7 Ng4 26. Bd2 Qb6 27.
Re7 Nf2+ 28. Kg1 Ne4+ 29. Kh1 Nxd2 30. b4+ Kh8 31. Rf7 Rxf7 32. Qxf7 Qxa7 33.
Qxa7 Rxa7 34. h3 Rb7 0-1

[Event "V. Solinger Karnevals-Open"]
[Site "Solingen"]
[Date "2014.03.02"]
[Round "4.35"]
[White "Falge, Rainer"]
[Black "Theysen, Jens"]
[Result "1-0"]
[WhiteElo "1732"]
[BlackElo "1439"]
[PlyCount "91"]
[EventDate "2014.??.??"]
[WhiteTeam "SG Solingen e.V."]
[BlackTeam "vereinslos"]

1. e4 c6 2. d4 d5 3. exd5 cxd5 4. Nf3 Nc6 5. Bb5 e6 6. Ne5 Qc7 7. c3 Bd6 8. f4
Nf6 9. O-O O-O 10. Be3 Ne7 11. Bd3 Ne4 12. Nd2 Nxd2 13. Qxd2 Nf5 14. Rac1 Be7
15. g4 Nh4 16. Qe1 f5 17. g5 Ng6 18. Nf3 Bd7 19. h4 Bd6 20. c4 Bc6 21. cxd5
exd5 22. Ne5 Nxe5 23. fxe5 Bxe5 24. dxe5 Qxe5 25. Bc5 Qxe1 26. Rcxe1 Rfe8 27.
Bxf5 Rxe1 28. Rxe1 Rd8 29. Be6+ Kh8 30. Rf1 b6 31. Rf8+ Rxf8 32. Bxf8 d4 33.
Kf2 Be4 34. Bc4 Bg6 35. Ke1 h6 36. gxh6 gxh6 37. Bxh6 Kh7 38. Bg5 Kg7 39. Kd2
Be4 40. Bf4 Kg6 41. Bd3 Bxd3 42. Kxd3 Kf5 43. Bb8 a5 44. Kxd4 Kg4 45. Bg3 b5
46. Kc5 1-0

[Event "V. Solinger Karnevals-Open"]
[Site "Solingen"]
[Date "2014.03.02"]
[Round "5.2"]
[White "Mladenov, Svetlin"]
[Black "Vogt, Thomas"]
[Result "1-0"]
[WhiteElo "2471"]
[BlackElo "2139"]
[PlyCount "71"]
[EventDate "2014.??.??"]
[WhiteTeam "SV Wattenscheid 1930"]
[BlackTeam "SVigung DÃ¼ren 13 Deric"]

1. e4 c5 2. Nf3 d6 3. d4 cxd4 4. Nxd4 Nf6 5. Nc3 a6 6. Be2 e6 7. O-O Nc6 8. Be3
Be7 9. f4 Bd7 10. a4 O-O 11. Nb3 Rc8 12. Bf3 Qc7 13. g4 g6 14. g5 Ne8 15. f5
Ne5 16. Be2 Nc4 17. Bxc4 Qxc4 18. f6 Bd8 19. Qd3 d5 20. Qxc4 dxc4 21. Nc5 Bc6
22. Rfd1 Bb6 23. Kf2 Nc7 24. a5 Ba7 25. Nd7 Bxe3+ 26. Kxe3 Rfd8 27. Nb6 Rb8 28.
Rxd8+ Rxd8 29. Rd1 Re8 30. Nxc4 e5 31. Nd5 Nxd5+ 32. exd5 Bd7 33. Nb6 Bf5 34.
c4 Rd8 35. d6 Kf8 36. d7 1-0

[Event "V. Solinger Karnevals-Open"]
[Site "Solingen"]
[Date "2014.03.02"]
[Round "5.3"]
[White "Lindam, Ingo"]
[Black "Berg, Michael"]
[Result "1/2-1/2"]
[WhiteElo "2048"]
[BlackElo "2303"]
[PlyCount "75"]
[EventDate "2014.??.??"]
[WhiteTeam "KÃ¶lner SK Dr. Lasker 186"]
[BlackTeam "SG Solingen e.V."]

1. d4 Nf6 2. Bg5 e6 3. Nf3 c5 4. e3 b6 5. Nbd2 Bb7 6. Bd3 cxd4 7. exd4 Be7 8.
O-O d6 9. Re1 Nbd7 10. c4 O-O 11. Rc1 Re8 12. h3 Rc8 13. b4 e5 14. Qc2 exd4 15.
Nxd4 d5 16. Qb1 dxc4 17. Nxc4 h6 18. Bd2 Bf8 19. Nf5 Rxe1+ 20. Rxe1 Bd5 21.
Nce3 Bb7 22. Nc4 Bd5 23. Nce3 Ba8 24. Ng4 Nxg4 25. hxg4 Nf6 26. g5 Qd5 27. f3
hxg5 28. Bxg5 Re8 29. Rxe8 Nxe8 30. Be4 Qe5 31. Bxa8 g6 32. Nh6+ Bxh6 33. Bxh6
Qd4+ 34. Kf1 Qc4+ 35. Kg1 Qd4+ 36. Kf1 Qc4+ 37. Kg1 Qd4+ 38. Kf1 1/2-1/2

[Event "V. Solinger Karnevals-Open"]
[Site "Solingen"]
[Date "2014.03.02"]
[Round "5.4"]
[White "Marcziter, Dmitrii"]
[Black "Naundorf, Maik"]
[Result "0-1"]
[WhiteElo "2277"]
[BlackElo "2130"]
[PlyCount "96"]
[EventDate "2014.??.??"]
[WhiteTeam "DJK AufwÃ¤rts St. Josef Aachen 19"]
[BlackTeam "SK KÃ¶nigsspringer Iserlo"]

1. d4 Nf6 2. Nf3 g6 3. c4 Bg7 4. g3 c6 5. Bg2 d5 6. O-O O-O 7. cxd5 cxd5 8. Nc3
Ne4 9. Ne5 Bf5 10. f3 Nxc3 11. bxc3 Nc6 12. Nxc6 bxc6 13. e4 Be6 14. Qa4 Qd7
15. Ba3 Rfb8 16. Rfe1 Rb7 17. Qc2 Rab8 18. Rad1 Bf8 19. c4 dxc4 20. Bf1 Qc7 21.
Bxc4 Bxc4 22. Qxc4 Qa5 23. Qd3 e6 24. Bxf8 Kxf8 25. Re2 Rb2 26. Rdd2 Qxa2 27.
Qc3 Rxd2 28. Rxd2 Qb1+ 29. Kg2 Qb4 30. Qe3 Kg8 31. Rc2 Rd8 32. Rd2 Qb6 33. Qc3
Rd7 34. h4 h5 35. g4 hxg4 36. fxg4 Qc7 37. Qf3 Qd8 38. Qf2 e5 39. Rc2 Rxd4 40.
Qe1 Qd7 41. Qe2 Kg7 42. Kh2 Rd1 43. h5 Qd4 44. Qg2 Qe3 45. Rf2 Re1 46. hxg6
Qh6+ 47. Kg3 Re3+ 48. Rf3 Qf4+ 0-1

[Event "V. Solinger Karnevals-Open"]
[Site "Solingen"]
[Date "2014.03.02"]
[Round "5.5"]
[White "Gorzinski, Dariusz"]
[Black "Peters, Alex"]
[Result "0-1"]
[WhiteElo "2018"]
[BlackElo "2212"]
[PlyCount "50"]
[EventDate "2014.??.??"]
[WhiteTeam "MÃ¤rkischer Springer Halver-Schal"]
[BlackTeam "BrÃ¼hler SK 1920 e.V."]

1. e4 e6 2. d4 d5 3. e5 c5 4. c3 Nc6 5. Nf3 Nge7 6. Bd3 cxd4 7. cxd4 Nf5 8.
Bxf5 exf5 9. Nc3 Be6 10. O-O Be7 11. Qb3 b6 12. Re1 O-O 13. Qd1 Rc8 14. Ne2 g5
15. a3 Na5 16. Bd2 g4 17. Nf4 gxf3 18. Qxf3 Kh8 19. Nh5 Rg8 20. Bf4 Rc4 21. Nf6
Bxf6 22. exf6 Nc6 23. b3 Nxd4 24. Qd3 Nxb3 25. Rxe6 Nc5 0-1

[Event "V. Solinger Karnevals-Open"]
[Site "Solingen"]
[Date "2014.03.02"]
[Round "5.6"]
[White "Pröttel, Swen"]
[Black "Klamp, Christoph"]
[Result "1/2-1/2"]
[WhiteElo "2207"]
[BlackElo "2064"]
[PlyCount "46"]
[EventDate "2014.??.??"]
[WhiteTeam "OSC Rheinhausen 04 e.V."]
[BlackTeam "SV Schachforum Darmstadt 1994"]

1. e4 c5 2. Nc3 Nc6 3. f4 g6 4. Nf3 Bg7 5. Bb5 Nd4 6. Bd3 d6 7. Nxd4 cxd4 8.
Ne2 e6 9. O-O Ne7 10. c3 dxc3 11. dxc3 O-O 12. Be3 Nc6 13. Qe1 a6 14. a4 d5 15.
Qf2 dxe4 16. Bxe4 Bd7 17. Rfd1 Qc8 18. a5 e5 19. Bd5 Be6 20. Bxe6 Qxe6 21. fxe5
Nxe5 22. Nf4 Qb3 23. Bd4 Rad8 1/2-1/2

[Event "V. Solinger Karnevals-Open"]
[Site "Solingen"]
[Date "2014.03.02"]
[Round "5.7"]
[White "Herzum, Peter"]
[Black "Nagel, Bernhard"]
[Result "0-1"]
[WhiteElo "1945"]
[BlackElo "2191"]
[PlyCount "66"]
[EventDate "2014.??.??"]
[WhiteTeam "DÃ¼sseldorfer SK 14/25 e."]
[BlackTeam "Wiesbadener SV 1885"]

1. e4 e5 2. Nf3 Nc6 3. Bb5 a6 4. Ba4 Nf6 5. O-O Be7 6. Re1 b5 7. Bb3 d6 8. c3
O-O 9. h3 Na5 10. Bc2 c5 11. d4 Qc7 12. Nbd2 Bd7 13. a4 cxd4 14. cxd4 Rfc8 15.
Bd3 bxa4 16. Qe2 Nc6 17. dxe5 dxe5 18. Nc4 Bb4 19. Rd1 Be6 20. Rxa4 a5 21. b3
Nd7 22. Be3 f6 23. Bc2 Nc5 24. Bxc5 Bxc5 25. Rda1 Bb4 26. Rd1 Rd8 27. Raa1 Bc3
28. Rxd8+ Rxd8 29. Rd1 Bd4 30. Kh2 Nb4 31. Kg1 a4 32. Nxd4 exd4 33. Bd3 axb3
0-1

[Event "V. Solinger Karnevals-Open"]
[Site "Solingen"]
[Date "2014.03.02"]
[Round "5.8"]
[White "Heinert, Eugen"]
[Black "Flesch, Dr. Stefan"]
[Result "1/2-1/2"]
[WhiteElo "2169"]
[BlackElo "2106"]
[PlyCount "122"]
[EventDate "2014.??.??"]
[WhiteTeam "OSC Rheinhausen 04 e.V."]
[BlackTeam "DÃ¼sseldorfer SK 14/25 e."]

1. d4 g6 2. e4 Bg7 3. Nc3 d6 4. Nf3 a6 5. Be3 e6 6. Bd3 Ne7 7. O-O Nd7 8. Qd2
h6 9. Ne2 b6 10. c4 Bb7 11. Nc3 c5 12. Rad1 Qc7 13. a3 Rd8 14. d5 e5 15. Ne1 g5
16. b4 Ng6 17. g3 Bc8 18. Rb1 O-O 19. Ng2 Nf6 20. f3 Bh3 21. Rb3 Rb8 22. Rfb1
Nd7 23. Na4 b5 24. Nb2 bxc4 25. Nxc4 cxb4 26. axb4 f5 27. Na5 fxe4 28. Bxe4 Ne7
29. Rc3 Qd8 30. Nc6 Qe8 31. Nxb8 Nxb8 32. Rc7 Nf5 33. Rbc1 Nd4 34. Bxd4 exd4
35. Ra7 Qa4 36. Rcc7 Be5 37. Rh7 Qa1+ 38. Ne1 d3 39. Rxh6 Qd4+ 40. Kh1 Qxa7 41.
Qxg5+ Bg7 42. Bh7+ Kf7 43. Qg6+ Ke7 44. Qxd6+ Ke8 45. Bg6+ Rf7 46. Rh4 Nd7 47.
Nxd3 Kd8 48. Re4 Rf8 49. Nc5 Qc7 50. Qxc7+ Kxc7 51. Ne6+ Bxe6 52. dxe6 Nf6 53.
e7 Nxe4 54. exf8=Q Nxg3+ 55. hxg3 Bxf8 56. Bd3 Kb6 57. f4 Bxb4 58. g4 Bd2 59.
f5 Bg5 60. Kg2 Kc5 61. Bxa6 Kd4 1/2-1/2

[Event "V. Solinger Karnevals-Open"]
[Site "Solingen"]
[Date "2014.03.02"]
[Round "5.9"]
[White "Görke, Joachim"]
[Black "Buss, Harald"]
[Result "1-0"]
[WhiteElo "2096"]
[BlackElo "1945"]
[PlyCount "51"]
[EventDate "2014.??.??"]
[WhiteTeam "SG Solingen e.V."]
[BlackTeam "Schach Nienberge 2003"]

1. c4 Nf6 2. Nc3 g6 3. g3 c5 4. Bg2 Nc6 5. Nf3 Bg7 6. O-O d6 7. d4 cxd4 8. Nxd4
Ne5 9. f4 Ned7 10. Kh1 a6 11. e4 h6 12. Be3 Nf8 13. Qd3 Ng4 14. Bg1 h5 15. Nf3
Nd7 16. Rad1 Bf8 17. e5 dxe5 18. Nxe5 Ngxe5 19. fxe5 e6 20. Qf3 Rh7 21. Ne4 Be7
22. Bc5 h4 23. gxh4 Rb8 24. Bd6 Ra8 25. Bxe7 Kxe7 26. Qa3+ 1-0

[Event "V. Solinger Karnevals-Open"]
[Site "Solingen"]
[Date "2014.03.02"]
[Round "5.10"]
[White "Täger, Torsten"]
[Black "Meckel, Helmut"]
[Result "1/2-1/2"]
[WhiteElo "2068"]
[BlackElo "1820"]
[PlyCount "74"]
[EventDate "2014.??.??"]
[WhiteTeam "SV Lahn Limburg"]
[BlackTeam "SG Solingen e.V."]

1. e4 e5 2. Nf3 Nc6 3. Bb5 Nf6 4. Bxc6 dxc6 5. Nc3 Nd7 6. O-O Bd6 7. d3 Nc5 8.
Be3 f6 9. h3 Bd7 10. a4 Qe7 11. Re1 Ne6 12. Qd2 c5 13. Nb5 a6 14. Nxd6+ cxd6
15. c3 Bc6 16. Nh2 O-O 17. Nf1 d5 18. Qc2 Rad8 19. Ng3 g6 20. Rf1 Ng7 21. Bh6
dxe4 22. dxe4 c4 23. Rfd1 Rxd1+ 24. Rxd1 Rd8 25. Bxg7 Kxg7 26. a5 Qc7 27. b4
cxb3 28. Qxb3 Qxa5 29. Rxd8 Qxd8 30. h4 h5 31. f3 f5 32. exf5 Qxh4 33. fxg6
Qxg3 34. Qf7+ Kh6 35. Qh7+ Kg5 36. g7 Qe1+ 37. Kh2 Qh4+ 1/2-1/2

[Event "V. Solinger Karnevals-Open"]
[Site "Solingen"]
[Date "2014.03.02"]
[Round "5.11"]
[White "Kaplun, David"]
[Black "Zolfagharian, Kevin"]
[Result "1/2-1/2"]
[WhiteElo "1796"]
[BlackElo "2058"]
[PlyCount "21"]
[EventDate "2014.??.??"]
[WhiteTeam "DÃ¼sseldorfer SK 14/25 e."]
[BlackTeam "SG Solingen e.V."]

1. d4 d5 2. c4 c6 3. cxd5 cxd5 4. Nc3 Nf6 5. Nf3 Nc6 6. Bf4 e6 7. e3 Be7 8. Ne5
Qb6 9. Qb3 O-O 10. Qxb6 axb6 11. Bb5 1/2-1/2

[Event "V. Solinger Karnevals-Open"]
[Site "Solingen"]
[Date "2014.03.02"]
[Round "5.12"]
[White "Rofalski, Stefan"]
[Black "Speck, Stefan"]
[Result "1/2-1/2"]
[WhiteElo "1823"]
[BlackElo "2001"]
[PlyCount "61"]
[EventDate "2014.??.??"]
[WhiteTeam "Rheydter SV 1920"]
[BlackTeam "SC Solingen 1928 e.V."]

1. d4 d5 2. c4 c6 3. Nf3 Nf6 4. Nc3 dxc4 5. a4 Bg4 6. e3 e6 7. Bxc4 a5 8. O-O
Na6 9. e4 Nb4 10. d5 exd5 11. exd5 Be7 12. Bg5 O-O 13. dxc6 Qxd1 14. Raxd1 Bxf3
15. gxf3 bxc6 16. Rfe1 Rfe8 17. Bxf6 Bxf6 18. Rxe8+ Rxe8 19. Rd7 Rd8 20. Ra7
Nd5 21. Rxa5 Nf4 22. Rf5 Rd4 23. b3 Nh3+ 24. Kg2 Rf4 25. Rxf4 Nxf4+ 26. Kg3
Nh5+ 27. Kg4 Bxc3 28. Kxh5 Be1 29. Kg5 Kf8 30. Kf5 Ke7 31. Ke4 1/2-1/2

[Event "V. Solinger Karnevals-Open"]
[Site "Solingen"]
[Date "2014.03.02"]
[Round "5.13"]
[White "Härtel, Stephan"]
[Black "Chittka, Julius"]
[Result "1-0"]
[WhiteElo "1926"]
[BlackElo "1967"]
[PlyCount "61"]
[EventDate "2014.??.??"]
[WhiteTeam "SV Turm 25 Bergheim"]
[BlackTeam "Verein f. Sport u. Freizeit v. 1"]

1. e4 c5 2. d4 cxd4 3. c3 dxc3 4. Nxc3 Nc6 5. Nf3 e6 6. Bc4 Qc7 7. Qe2 Nf6 8.
O-O Ng4 9. Nb5 Qb8 10. h3 h5 11. g3 Nge5 12. Bf4 a6 13. Nxe5 Nxe5 14. Nc3 Bd6
15. Bb3 b5 16. Rfd1 f6 17. Rd2 g5 18. Bxe5 Bxe5 19. Rad1 Qb6 20. Qd3 Rh7 21.
Nd5 Qa7 22. Nxf6+ Bxf6 23. e5 Rh6 24. exf6 Kf7 25. Qe4 Rb8 26. Qe5 Rg6 27. Rc1
Qb6 28. Rdc2 Rg8 29. Bxe6+ dxe6 30. Rc7+ Kf8 31. R1c6 1-0

[Event "V. Solinger Karnevals-Open"]
[Site "Solingen"]
[Date "2014.03.02"]
[Round "5.14"]
[White "Vishanji, Adrian"]
[Black "Bussard, Achim"]
[Result "1-0"]
[WhiteElo "1905"]
[BlackElo "1792"]
[PlyCount "139"]
[EventDate "2014.??.??"]
[WhiteTeam "SV Turm Drolshagen 04"]
[BlackTeam "SG Niederkassel"]

1. e4 Nf6 2. e5 Nd5 3. d4 d6 4. f4 e6 5. Nf3 c5 6. dxc5 dxc5 7. c3 Nc6 8. Bd3
Nb6 9. Qc2 h6 10. Be3 Nd5 11. Bd2 Nb6 12. Na3 a6 13. O-O Be7 14. Rad1 Qc7 15.
Be4 Bd7 16. Be3 O-O 17. Qf2 Na5 18. b4 Nac4 19. Nxc4 Nxc4 20. Bxc5 Bxc5 21.
Qxc5 Qxc5+ 22. bxc5 Bb5 23. Rfe1 Rac8 24. Bxb7 Rxc5 25. Rc1 Rc7 26. Be4 Bc6 27.
Bxc6 Rxc6 28. Red1 Ne3 29. Rd3 Nd5 30. Rd4 Rfc8 31. c4 Ne3 32. Nd2 Rc5 33. Kf2
Nf5 34. Rd7 Kf8 35. Rb1 R5c7 36. Rxc7 Rxc7 37. Rb6 a5 38. Rb5 Rd7 39. Nf3 Nd4
40. Rxa5 Nxf3 41. Kxf3 Rc7 42. c5 Ke7 43. Ke4 Kd7 44. a4 Rb7 45. Rb5 Ra7 46.
Rb4 Kc7 47. g4 Ra8 48. Kd4 Rd8+ 49. Kc4 Rd1 50. Kb5 Rd2 51. h4 Rh2 52. h5 g6
53. hxg6 fxg6 54. Rd4 Rb2+ 55. Kc4 Rc2+ 56. Kb4 h5 57. gxh5 gxh5 58. Rd6 Rf2
59. Rxe6 h4 60. Rh6 Rxf4+ 61. Kb5 Re4 62. Rh7+ Kb8 63. Kb6 Rb4+ 64. Kc6 Rxa4
65. e6 Ra6+ 66. Kd5 Ra1 67. e7 Rd1+ 68. Kc6 Re1 69. Rh8+ Ka7 70. e8=Q 1-0

[Event "V. Solinger Karnevals-Open"]
[Site "Solingen"]
[Date "2014.03.02"]
[Round "5.15"]
[White "Kolthoff, Siegmund"]
[Black "Gula, Julian"]
[Result "1-0"]
[WhiteElo "2087"]
[BlackElo "1586"]
[PlyCount "47"]
[EventDate "2014.??.??"]
[WhiteTeam "Blau-Weiss Buchholz"]
[BlackTeam "Verein f. Sport u. Freizeit v. 1"]

1. c4 Nf6 2. g3 g6 3. Bg2 Bg7 4. Nc3 O-O 5. e4 d6 6. Nge2 c5 7. d4 cxd4 8. Nxd4
Nc6 9. O-O Nxe4 10. Nxc6 Nxc3 11. Nxd8 Nxd1 12. Nxb7 Bxb7 13. Bxb7 Rab8 14.
Rxd1 Rxb7 15. Rb1 Rc8 16. b3 Rxc4 17. Be3 Rc2 18. Rdc1 Rbc7 19. Rxc2 Rxc2 20.
a4 a6 21. b4 Rb2 22. Rxb2 Bxb2 23. b5 axb5 24. a5 1-0